00478nam a2200145Ia 4500008004100000041000800041082001400049100001600063245002500079260004900104300003100153365000500184999001500189952012800204240624s9999 xx 000 0 und d aeng a658.3 ULR aULRICH DAVE aHR VALUE PROPOSITION c2005aBostonbHarvard Businesss School Press axii, : 316 : p. : cm. ; 23 c c6192d6192 00104070aIMTNbIMTNcRack 23-Bd2007-09-12eIBHg35.00n1015o658.3 ULRp6192r2024-06-24 00:00:00t43.1w2024-06-24yBK